| 000 | 00965nam a22001817a 4500 | ||
|---|---|---|---|
| 999 |
_c62649 _d62649 |
||
| 003 | Ge_BSU | ||
| 005 | 20241230164841.0 | ||
| 008 | 241230s1978 ge ||||| |||| 00| 0 geo d | ||
| 041 | _ageo | ||
| 080 | _a616-003.96-053.2 ა-26 | ||
| 245 |
_aადაპტაციის პროცესების კლინიკური ასპექტები ახალშობილებში / _cე. ნოვიკოვასა და გ. პოლიაკოვას რედ. ; [თარგმნა ი. ხუნდაძემ და ნ. ჩიგოგიძემ]. |
||
| 264 |
_aთბ. : _bსაბჭ. საქართველო, _c1978. |
||
| 300 |
_a232 გვ. : _bილ. ; _c21 სმ. |
||
| 653 | _aადაპტაცია ახალშობილებში | ||
| 653 | _aმედიცინა | ||
| 700 |
_aპოლიაკოვა, გ. _eრედაქტორი _924043 |
||
| 942 |
_2udc _cᲬᲘᲒᲜᲘ |
||